00358pab a2200133 454500008004000000100001800040245004400058260000900102300001300111362000800124650004400132650002200176773002600198180718b2000 xxu||||| |||| 00| 0 eng d aDiwakar, D.M. aEmerging non farm sector in North Bihar c2000 ap.151-71 aApr aRural development - India - North Bihar aRural development aAsian Economic Review